000
00298nam a2200133Ia 4500
100
_a
Unterweiser P. W.
942
_c
BK
654
_a
handbook
245
_a
Forging design handbook
260
_b
American Society for metals
_a
Ohio
_c
1972
082
_a
671.332
300
_a
308
546
_a
ENGLISH
999
_c
27730
_d
27730